000
00306nam a2200109Ia 4500
008
220204s9999 xx 000 0 und d
082
_a
658.787
_b
COR
100
_a
Corey, E Raymond
245
0
_a
Procurement management: Strategy, organization and decision making
260
_a
Boston
_b
CBI
_c
1978
942
_c
BK
999
_c
31962
_d
31962